NBA: Most 3 Pointers Made in a Game by Team (2020) - Statistics

General Stats
  • This quiz has been taken 53 times
  • The average score is 17 of 30
Answer Stats
Team Player 3PM % Correct
Golden State Warriors Klay Thompson 14
100%
Portland Trail Blazers Damian Lillard 11
96%
Brooklyn Nets Kyrie Irving 11
96%
Houston Rockets James Harden 10
89%
Chicago Bulls Zach LaVine 13
87%
Washington Wizards Bradley Beal 9
85%
Philadelphia 76ers Danny Green / Seth Curry 8
85%
Los Angeles Clippers Paul George 10
83%
Sacramento Kings Buddy Hield 11
79%
Atlanta Hawks Danilo Gallinari / Trae Young 8
79%
Denver Nuggets Jamal Murray 9
72%
Toronto Raptors Kyle Lowry 8
70%
Milwaukee Bucks Brook Lopez / Khris Middleton / Bryn Forbes 8
60%
Minnesota Timberwolves D'Angelo Russell 9
57%
Boston Celtics Marcus Smart 11
57%
Miami Heat Duncan Robinson 10
55%
Cleveland Cavaliers Kevin Love / Damyean Dotson 8
55%
Utah Jazz Bojan Bogdanović / Jordan Clarkson 8
51%
Memphis Grizzlies Jaren Jackson Jr. 9
51%
New Orleans Pelicans J.J. Redick 9
40%
Dallas Mavericks Tim Hardaway Jr. 9
40%
Charlotte Hornets Devonte' Graham 10
38%
Indiana Pacers Justin Holiday 7
34%
Orlando Magic Terrence Ross 10
30%
San Antonio Spurs Patty Mills 7
28%
Detroit Pistons Blake Griffin 9
23%
Oklahoma City Thunder Trevor Ariza 10
23%
Los Angeles Lakers Wesley Matthews 10
23%
New York Knicks Reggie Bullock / Austin Rivers 7
13%
Phoenix Suns Langston Galloway 7
4%
No matching quizzes found
Score Distribution
Percent of People with Each Score
Percentile by Number Answered
Your Score History
You have not taken this quiz